|
|
|
|
| LEADER |
01298nam a2200361 a 4500 |
| 001 |
000467498 |
| 003 |
CZ BrMZK |
| 005 |
20231024085332.0 |
| 007 |
ta |
| 008 |
010907s1995 xr e 0 cze d |
| 015 |
|
|
|a cnb000094414
|
| 020 |
|
|
|a 80-900104-3-1
|
| 040 |
|
|
|a BOA001
|b cze
|
| 043 |
|
|
|a e-xr---
|b e-xr-pl
|2 czenas
|
| 072 |
|
7 |
|a 913(437)
|x Geografie Česka a Slovenska, reálie, cestování
|2 Konspekt
|9 7
|
| 080 |
|
|
|a 913(437.317)
|2 MRF
|
| 080 |
|
|
|a (437.317)
|2 MRF
|
| 080 |
|
|
|a (084.12)
|2 MRF
|
| 100 |
1 |
|
|a Hauner, Miroslav,
|d 1950-
|7 jk01040176
|
| 245 |
1 |
0 |
|a Město Plzeň /
|c Miroslav Hauner
|
| 246 |
3 |
3 |
|a Plzeň
|
| 250 |
|
|
|a Vyd. 1.
|
| 260 |
|
|
|a Praha :
|b Kincl & Hauner,
|c 1995
|
| 300 |
|
|
|a 207 s. :
|b barev. il. ;
|c 32 cm
|
| 500 |
|
|
|a Text též angl., něm. a franc.
|
| 651 |
|
7 |
|a Plzeň (Česko)
|7 ge130439
|x reálie
|2 czenas
|
| 651 |
|
9 |
|a Plzeň (Czechia)
|x description and travel
|2 eczenas
|
| 655 |
|
7 |
|a fotografické publikace
|7 fd132276
|2 czenas
|
| 655 |
|
9 |
|a photographical works
|2 eczenas
|
| 856 |
4 |
1 |
|u https://www.digitalniknihovna.cz/mzk/uuid/uuid:18bd8180-0016-11e3-beb8-005056827e51
|y Digitalizovaný dokument
|x NDK
|
| 910 |
|
|
|a BOA001
|b 4-1070.761
|
| 990 |
|
|
|a BK
|
| 996 |
6 |
|
|b 2610111158
|c 4-1070.761
|l MZK
|r Sklad / do 1 hodiny
|n 5
|p p.v.
|w 000467498
|u 000010
|a 1
|e BOA001
|j MZK50
|s P
|